000 00337nam a2200133Ia 4500
008 150509s9999 xx 000 0 und d
082 _aPAM 363.8392 SIN
245 _aSingle and pregnant
260 _aLondon:
260 _bOne Parent Families
260 _c1985
300 _a30 p. ; 21cm
650 _aSocial problemsUnmarried mothers
999 _c6781
_d6781